[Event "aut_ychg12 Deutschlandsberg"]
[Site "Deutschlandsberg, Laßnitzhaus"]
[Date "2006.??.??"]
[Round "3.2"]
[White "Tarmastin, Laura"]
[Black "Gerhold, Doris"]
[Result "1/2-1/2"]
[WhiteElo "1477"]
[BlackElo "1511"]
[PlyCount "31"]
[EventDate "2006.06.03"]

1. e4 e5 2. Nf3 Nc6 3. Bc4 Bc5 4. d3 d6 5. h3 Be6 6. Bb3 Nf6 7. Be3 Bb6 8. Nc3
Qd7 9. Qe2 Nd4 10. Bxd4 Bxd4 11. Qd2 Nh5 12. Nxd4 exd4 13. Ne2 c5 14. f4 Nf6
15. f5 Bxb3 16. axb3 1/2-1/2

[Event "aut_ychg12 Deutschlandsberg"]
[Site "Deutschlandsberg, Laßnitzhaus"]
[Date "2006.??.??"]
[Round "3.3"]
[White "Krivda, Manuela"]
[Black "Wilfling, Sandra"]
[Result "1/2-1/2"]
[WhiteElo "1398"]
[BlackElo "1409"]
[PlyCount "65"]
[EventDate "2006.06.03"]

1. e4 c5 2. Nf3 d6 3. d4 cxd4 4. Nxd4 Nf6 5. Nc3 g6 6. b3 Bg7 7. Bb2 Nc6 8. Be2
O-O 9. O-O Bd7 10. Re1 Rc8 11. Rb1 a6 12. h3 Nb4 13. Bf3 Bc6 14. a3 Bxe4 15.
axb4 Bxf3 16. Nxf3 Nd7 17. Nd5 e5 18. c4 Nb6 19. Ba1 Nxd5 20. Qxd5 Qb6 21. Bc3
Rfe8 22. Nd2 Bf6 23. Ne4 Re6 24. Rbd1 Be7 25. Rf1 Rd8 26. Kh1 g5 27. g3 Rh6 28.
Kg2 Kf8 29. Qa5 Qc6 30. Qd5 Qd7 31. Rh1 f5 32. Nd2 b5 33. Nf1 1/2-1/2

[Event "aut_ychg12 Deutschlandsberg"]
[Site "Deutschlandsberg, Laßnitzhaus"]
[Date "2006.??.??"]
[Round "3.4"]
[White "Bauer, Valentina"]
[Black "Teufl, Franziska"]
[Result "1-0"]
[WhiteElo "1389"]
[BlackElo "1308"]
[PlyCount "71"]
[EventDate "2006.06.03"]

1. e4 e5 2. Nf3 Nc6 3. d4 exd4 4. Nxd4 Nf6 5. Nxc6 bxc6 6. Nc3 Bb4 7. Bd2 d6 8.
a3 Ba5 9. b4 Bb6 10. Bg5 h6 11. Bh4 O-O 12. Be2 Qe7 13. O-O Qe5 14. Qd3 Bg4 15.
Bxf6 Qxf6 16. Bxg4 Qh4 17. Qh3 Qf6 18. Ne2 Rae8 19. Qf3 Qg6 20. Bf5 Qg5 21. Bd7
Re5 22. Bxc6 Re6 23. Qg3 Qh5 24. Nf4 Qe5 25. Nxe6 Qxe6 26. Rac1 f5 27. Bd5 f4
28. Bxe6+ Kh8 29. Qg4 Rf6 30. c4 Bd4 31. Rcd1 Bb2 32. a4 Ba3 33. Rb1 c5 34.
bxc5 dxc5 35. Rb7 Kh7 36. Qxg7# 1-0

[Event "aut_ychg12 Deutschlandsberg"]
[Site "Deutschlandsberg, Laßnitzhaus"]
[Date "2006.??.??"]
[Round "3.5"]
[White "Monadjem, Mina"]
[Black "Schnegg, Anna-Lena"]
[Result "1-0"]
[WhiteElo "1301"]
[BlackElo "1283"]
[PlyCount "70"]
[EventDate "2006.06.03"]

1. e4 e6 2. d4 d5 3. exd5 exd5 4. Qe2+ Be7 5. Nc3 Nf6 6. Nf3 Be6 7. g3 Nc6 8.
Bg2 O-O 9. O-O Qd7 10. Ne5 Nxe5 11. dxe5 Ne8 12. Rd1 c6 13. Ne4 Bg4 14. Bf3
Bxf3 15. Qxf3 Bd8 16. Qe2 Qh3 17. Nd6 b6 18. Nb7 Rb8 19. Nxd8 Rxd8 20. c4 f6
21. e6 Rd6 22. e7 Rf7 23. Re1 dxc4 24. Qxc4 b5 25. Qe2 f5 26. Qe3 Rff6 27. Qxa7
Rde6 28. Rd1 Rd6 29. Re1 Rfe6 30. Be3 Rd5 31. Qb8 Kf7 32. Bg5 h6 33. Rxe6 Kxe6
34. Qxe8 hxg5 35. Qf8 Qxh2+ 1-0

[Event "aut_ychg12 Deutschlandsberg"]
[Site "Deutschlandsberg, Laßnitzhaus"]
[Date "2006.??.??"]
[Round "3.6"]
[White "Boehm, Beatrice"]
[Black "Plessl, Ursula"]
[Result "0-1"]
[WhiteElo "1200"]
[BlackElo "1200"]
[PlyCount "72"]
[EventDate "2006.06.03"]

1. e4 e5 2. d4 Nc6 3. Nf3 d6 4. Be3 Bg4 5. Be2 Nf6 6. Bd3 Nb4 7. c3 Nxd3+ 8.
Qxd3 d5 9. Nfd2 Bd6 10. f3 Bh5 11. O-O Nd7 12. Na3 exd4 13. Bxd4 Qh4 14. g3 Qh3
15. Rf2 O-O 16. Qe3 h6 17. g4 Bg6 18. Nb5 dxe4 19. Nxe4 f5 20. Nexd6 cxd6 21.
Nc7 Rac8 22. Ne6 Rfe8 23. Bxg7 Bf7 24. Qd4 Rxe6 25. Rg2 Qxf3 26. Rg3 Qe2 27.
Bh8 Kf8 28. gxf5 Qxb2 29. Qg7+ Ke7 30. fxe6 Qxa1+ 31. Kg2 Qxa2+ 32. Kh3 Qxe6+
33. Rg4 Ne5 34. Kh4 Nxg4 35. Qxg4 Qxg4+ 36. Kxg4 Rxh8 0-1

[Event "aut_ychg14 Deutschlandsberg"]
[Site "Deutschlandsberg, Laßnitzhaus"]
[Date "2006.??.??"]
[Round "3.1"]
[White "Newrkla, Katharina"]
[Black "Berghofer, Anja"]
[Result "1-0"]
[WhiteElo "1700"]
[BlackElo "1589"]
[PlyCount "103"]
[EventDate "2006.06.03"]

1. e4 e5 2. Nf3 Nf6 3. Nxe5 d6 4. Nf3 Nxe4 5. Nc3 Nxc3 6. dxc3 g6 7. Qd4 f6 8.
Bf4 Qe7+ 9. Be2 Nc6 10. Qd2 Be6 11. O-O-O O-O-O 12. Kb1 Qf7 13. b3 Bg7 14. Rhe1
f5 15. Ng5 Qf6 16. Nxe6 Qxe6 17. Bc4 Qf6 18. Bg5 Qxc3 19. Qxc3 Bxc3 20. Re3 Bd4
21. Bxd8 Bxe3 22. Bf6 Rf8 23. Bg7 Re8 24. fxe3 Rxe3 25. Kc1 Na5 26. Bd3 Kd7 27.
Kd2 Re6 28. Bc3 Nc6 29. Bc4 Re8 30. Bb5 a6 31. Bxc6+ Kxc6 32. Kd3 Re4 33. Re1
Rxe1 34. Bxe1 Kd5 35. Ke3 c5 36. h4 b5 37. Bc3 Ke6 38. Kf4 d5 39. Kg5 Kf7 40.
Kh6 Kg8 41. Be5 c4 42. bxc4 dxc4 43. Bc3 f4 44. Bd2 Kh8 45. Bxf4 b4 46. Bd6 a5
47. Bc7 a4 48. Bd6 b3 49. axb3 cxb3 50. cxb3 axb3 51. Be5+ Kg8 52. Bb2 1-0

[Event "aut_ychg14 Deutschlandsberg"]
[Site "Deutschlandsberg, Laßnitzhaus"]
[Date "2006.??.??"]
[Round "3.2"]
[White "Konrad, Jasmin"]
[Black "Bauer, Marie-Christine"]
[Result "1-0"]
[WhiteElo "1471"]
[BlackElo "1510"]
[PlyCount "95"]
[EventDate "2006.06.03"]

1. d4 d5 2. Bf4 e6 3. Nf3 Nf6 4. e3 c6 5. Bd3 Nbd7 6. a3 Be7 7. Nc3 O-O 8. O-O
b6 9. e4 dxe4 10. Nxe4 Nxe4 11. Bxe4 Bb7 12. c4 Nf6 13. Qd3 Qe8 14. Rad1 Rd8
15. Qe3 Ng4 16. Qd3 f5 17. h3 Nh6 18. Ng5 fxe4 19. Qxe4 Bxg5 20. Bxg5 Rd7 21.
Bxh6 gxh6 22. Rd3 Rf6 23. Qe5 Rg6 24. Re1 Rdg7 25. g3 Ba6 26. b3 Bb7 27. d5 Re7
28. d6 Rd7 29. Re4 c5 30. Rf4 Qb8 31. Rg4 Qe8 32. Rf4 Bc6 33. b4 cxb4 34. axb4
Rf7 35. Rxf7 Qxf7 36. c5 bxc5 37. bxc5 Rg5 38. Qc3 Rd5 39. Rxd5 exd5 40. Qe3
Qg6 41. Qa3 Qf7 42. Qa6 Qb7 43. Qxb7 Bxb7 44. d7 d4 45. d8=Q+ Kg7 46. Qxd4+ Kf7
47. Qd7+ Kg6 48. Qxb7 1-0

[Event "aut_ychg14 Deutschlandsberg"]
[Site "Deutschlandsberg, Laßnitzhaus"]
[Date "2006.??.??"]
[Round "3.3"]
[White "Anker, Christin"]
[Black "Steininger, Sandra"]
[Result "1-0"]
[WhiteElo "1364"]
[BlackElo "1631"]
[PlyCount "107"]
[EventDate "2006.06.03"]

1. e4 e6 2. d4 d5 3. e5 c5 4. c3 Nc6 5. Nf3 Qb6 6. a3 cxd4 7. cxd4 Nge7 8. b4
Nf5 9. Be3 Bd7 10. Nc3 Nxe3 11. fxe3 a6 12. Be2 Rc8 13. Na4 Qa7 14. Nc5 Bxc5
15. bxc5 Ne7 16. O-O Nf5 17. Qd2 Bc6 18. Bd3 Ne7 19. Qf2 h6 20. Nd2 Rf8 21. Qg3
g5 22. Qh3 Rh8 23. Qh5 Kd7 24. Rxf7 Qb8 25. Raf1 Rcf8 26. Rxf8 Rxf8 27. Qxh6
Rxf1+ 28. Nxf1 Qg8 29. Ng3 Bb5 30. Bxb5+ axb5 31. Nh5 Qg6 32. Qxg6 Nxg6 33. Kf2
Kc6 34. Ke2 b6 35. cxb6 Kxb6 36. Kd3 Ka5 37. Kc3 Ka4 38. Kb2 Nh4 39. g3 Ng2 40.
Ng7 Nxe3 41. Nxe6 g4 42. Nc7 b4 43. axb4 Kxb4 44. e6 Nf5 45. Nxd5+ Kc4 46. e7
Nxe7 47. Nxe7 Kxd4 48. Ng8 Ke4 49. Nf6+ Kf5 50. Nxg4 Kxg4 51. Kc3 Kg5 52. h3
Kh5 53. Kd4 Kg5 54. Ke5 1-0

[Event "aut_ychg14 Deutschlandsberg"]
[Site "Deutschlandsberg, Laßnitzhaus"]
[Date "2006.??.??"]
[Round "3.4"]
[White "Wunderl, Eva"]
[Black "Vergeiner, Sandra"]
[Result "0-1"]
[WhiteElo "1267"]
[BlackElo "1368"]
[PlyCount "118"]
[EventDate "2006.06.03"]

1. e4 e5 2. Nf3 Nc6 3. Nc3 Nf6 4. Bb5 Bb4 5. d3 d5 6. Nxe5 Bd7 7. Nxd7 Qxd7 8.
Bd2 a6 9. Bxc6 Qxc6 10. exd5 Nxd5 11. Nxd5 Bxd2+ 12. Qxd2 Qxd5 13. O-O O-O-O
14. Rfe1 h5 15. Re7 g5 16. Qc3 c6 17. Re5 Qd6 18. Rxg5 Rdg8 19. Rxg8+ Rxg8 20.
Qc4 Qg6 21. Qe4 h4 22. Qxg6 Rxg6 23. h3 f5 24. f4 Re6 25. Kf2 Kd7 26. Re1 Rxe1
27. Kxe1 Ke6 28. Ke2 Kd5 29. Ke3 b5 30. b3 c5 31. c4+ bxc4 32. dxc4+ Ke6 33.
Kf3 a5 34. g3 hxg3 35. Kxg3 Kf7 36. h4 Kg6 37. a3 Kh6 38. Kf3 Kh5 39. Ke3 Kxh4
40. Kd3 Kg4 41. Kc3 Kxf4 42. b4 axb4+ 43. axb4 cxb4+ 44. Kxb4 Ke5 45. c5 f4 46.
Kb5 f3 47. c6 f2 48. c7 f1=Q+ 49. Kc6 Qf3+ 50. Kd7 Qd5+ 51. Kc8 Kd6 52. Kb8
Qb5+ 53. Kc8 Qd7+ 54. Kb7 Qxc7+ 55. Ka6 Qd7 56. Ka5 Kc5 57. Ka6 Qb5+ 58. Ka7
Kc6 59. Ka8 Qb7# 0-1

[Event "aut_ychb12 Deutschlandsberg"]
[Site "Deutschlandsberg, Laßnitzhaus"]
[Date "2006.??.??"]
[Round "4.1"]
[White "Schnegg, Martin"]
[Black "Klocker, Elias"]
[Result "1/2-1/2"]
[WhiteElo "1747"]
[BlackElo "1539"]
[PlyCount "61"]
[EventDate "2006.06.03"]

1. f4 d5 2. Nf3 Nf6 3. e3 Bg4 4. d3 Nc6 5. Nbd2 e6 6. h3 Bf5 7. b3 Bc5 8. d4
Bb4 9. Bd3 Ne4 10. Bxe4 Bxe4 11. O-O Bf5 12. Bb2 Qf6 13. c4 O-O-O 14. cxd5 exd5
15. Ne5 Qe6 16. Ndf3 f6 17. Nxc6 Qxe3+ 18. Kh1 bxc6 19. Rc1 Kb7 20. a3 Bd6 21.
Rc3 Qe6 22. Qc1 Qd7 23. b4 Rde8 24. Nd2 Re2 25. Nb3 Be4 26. Rg1 Kc8 27. Na5 Rc2
28. Qe1 Bxf4 29. Nxc6 Bd2 30. Qf1 Qe6 31. Nxa7+ 1/2-1/2

[Event "aut_ychb12 Deutschlandsberg"]
[Site "Deutschlandsberg, Laßnitzhaus"]
[Date "2006.??.??"]
[Round "4.2"]
[White "Wertjanz, David"]
[Black "Duan, Felix"]
[Result "1-0"]
[WhiteElo "1743"]
[BlackElo "1372"]
[PlyCount "85"]
[EventDate "2006.06.03"]

1. e4 c6 2. d4 d5 3. e5 Bf5 4. Nf3 e6 5. Be2 c5 6. Be3 b6 7. O-O Nc6 8. c3 Rc8
9. Qa4 c4 10. b3 cxb3 11. axb3 Nge7 12. Bb5 Qc7 13. Qxa7 Qxa7 14. Rxa7 Bd3 15.
Rxe7+ Bxe7 16. Bxd3 O-O 17. Nbd2 Na7 18. c4 Rfd8 19. Ne1 Nc6 20. Nc2 Rc7 21. f4
Rdc8 22. f5 Bb4 23. f6 g6 24. cxd5 Bxd2 25. Bxd2 exd5 26. Bh6 Nd8 27. Nb4 Nc6
28. Nxd5 Rd8 29. Nxc7 Rxd4 30. Bb5 Nxe5 31. Ra1 Rd8 32. Ra8 Rxa8 33. Nxa8 Ng4
34. Bg7 h5 35. Nxb6 Kh7 36. Be8 Ne5 37. Nd7 Nxd7 38. Bxd7 h4 39. b4 h3 40. gxh3
g5 41. b5 g4 42. hxg4 Kg6 43. b6 1-0

[Event "aut_ychb12 Deutschlandsberg"]
[Site "Deutschlandsberg, Laßnitzhaus"]
[Date "2006.??.??"]
[Round "4.3"]
[White "Kessler, Luca"]
[Black "Kammerer, Gernot"]
[Result "0-1"]
[WhiteElo "1663"]
[BlackElo "1626"]
[PlyCount "30"]
[EventDate "2006.06.03"]

1. e4 c5 2. Nf3 d6 3. d4 cxd4 4. Nxd4 Nf6 5. Nc3 g6 6. f3 Bg7 7. Be3 O-O 8. Qd2
Nc6 9. O-O-O d5 10. Qe1 e5 11. exd5 Nxd4 12. Bxd4 exd4 13. Rxd4 Re8 14. Qd1 Bd7
15. d6 Qb6 0-1

[Event "aut_ychb12 Deutschlandsberg"]
[Site "Deutschlandsberg, Laßnitzhaus"]
[Date "2006.??.??"]
[Round "4.4"]
[White "Dalnodar, Bernhard"]
[Black "Buchner, Gernot"]
[Result "1/2-1/2"]
[WhiteElo "1620"]
[BlackElo "1499"]
[PlyCount "45"]
[EventDate "2006.06.03"]

1. Nf3 c6 2. d4 d5 3. c4 Bf5 4. Nc3 h6 5. Bf4 e6 6. e3 Bd6 7. Bg3 Bxg3 8. hxg3
Nf6 9. Be2 Nbd7 10. Qd2 Qc7 11. b3 Ne4 12. Nxe4 Bxe4 13. Rc1 dxc4 14. bxc4 O-O
15. Bd3 Bxd3 16. Qxd3 Qa5+ 17. Qd2 Qxd2+ 18. Nxd2 b6 19. Ke2 Rfc8 20. Rh4 c5
21. Nb3 Rc7 22. Rhh1 Rac8 23. Nd2 1/2-1/2

[Event "aut_ychb12 Deutschlandsberg"]
[Site "Deutschlandsberg, Laßnitzhaus"]
[Date "2006.??.??"]
[Round "4.5"]
[White "Liao, Kevin"]
[Black "Pilsan, Aaron"]
[Result "1-0"]
[WhiteElo "1525"]
[BlackElo "1459"]
[PlyCount "23"]
[EventDate "2006.06.03"]

1. Nf3 g6 2. g3 Bg7 3. Bg2 Nf6 4. O-O O-O 5. Nc3 d5 6. d4 Nc6 7. Bf4 Re8 8. Nb5
Rb8 9. Bxc7 Qd7 10. Bxb8 a6 11. Nc7 Nxb8 12. Nxe8 1-0

[Event "aut_ychb12 Deutschlandsberg"]
[Site "Deutschlandsberg, Laßnitzhaus"]
[Date "2006.??.??"]
[Round "4.6"]
[White "Handler, Lukas"]
[Black "Riemelmoser, Markus"]
[Result "1-0"]
[WhiteElo "1444"]
[BlackElo "1505"]
[PlyCount "95"]
[EventDate "2006.06.03"]

1. d4 Nf6 2. c4 e6 3. Nc3 Bb4 4. Nf3 b6 5. e3 Bb7 6. Bd2 c5 7. a3 cxd4 8. axb4
dxc3 9. Bxc3 O-O 10. Be2 Qe7 11. O-O d5 12. b3 Rd8 13. Qc2 Ne4 14. Rfd1 Nxc3
15. Qxc3 h6 16. Nd4 Nc6 17. c5 Nxd4 18. exd4 Rdc8 19. Rdc1 Qd7 20. Qe3 Bc6 21.
Bd3 Bb5 22. Rc2 Bxd3 23. Qxd3 b5 24. Ra6 Qb7 25. Rca2 Rc6 26. Rxc6 Qxc6 27. Qd1
a6 28. Re2 a5 29. bxa5 Rxa5 30. h3 Ra8 31. Qb1 b4 32. Ra2 Re8 33. f4 f6 34. Ra7
f5 35. Qa2 Rb8 36. Qa6 Qe8 37. Qd6 Rd8 38. Qe5 Qg6 39. Re7 Qg3 40. Qxe6+ Kh8
41. Qe3 Qg6 42. Kh2 Qh5 43. Qe5 Qg6 44. c6 Ra8 45. c7 Kh7 46. Rd7 Ra2 47. Qxd5
Rc2 48. Rd8 1-0

[Event "aut_ychb12 Deutschlandsberg"]
[Site "Deutschlandsberg, Laßnitzhaus"]
[Date "2006.??.??"]
[Round "4.7"]
[White "Steiner, Lucia"]
[Black "Ly, Daniel"]
[Result "1/2-1/2"]
[WhiteElo "1403"]
[BlackElo "1504"]
[PlyCount "63"]
[EventDate "2006.06.03"]

1. e4 e5 2. Nf3 Nc6 3. Bc4 Bc5 4. O-O Nf6 5. Nc3 d6 6. h3 a6 7. d3 h6 8. Be3
Ba7 9. d4 O-O 10. dxe5 dxe5 11. Nd2 Bxe3 12. fxe3 Re8 13. Nb3 Be6 14. Bxe6 Rxe6
15. Qxd8+ Rxd8 16. Rad1 Red6 17. Rxd6 Rxd6 18. a3 b6 19. Rf2 Kf8 20. Nd2 Ke7
21. Nf3 g6 22. Rd2 Rxd2 23. Nxd2 Ke6 24. Kf2 g5 25. Kf3 h5 26. g3 Ne7 27. b4
g4+ 28. hxg4 hxg4+ 29. Kf2 Nh5 30. Nf1 f5 31. exf5+ Nxf5 32. e4 1/2-1/2

[Event "aut_ychb12 Deutschlandsberg"]
[Site "Deutschlandsberg, Laßnitzhaus"]
[Date "2006.??.??"]
[Round "4.8"]
[White "Stolzlechner, Andreas"]
[Black "Hoertnagl, Martin"]
[Result "1-0"]
[WhiteElo "1534"]
[BlackElo "1420"]
[PlyCount "87"]
[EventDate "2006.06.03"]

1. e4 d5 2. exd5 Qxd5 3. Nc3 Qa5 4. d4 c6 5. Nf3 Nf6 6. Bd2 Bf5 7. Bc4 e6 8.
Bb3 Bb4 9. a3 Bxc3 10. Bxc3 Qc7 11. h3 h5 12. Qe2 Nbd7 13. O-O-O O-O-O 14. Rhe1
Rhe8 15. Ng5 Nb6 16. Kb1 Nbd5 17. Qf3 Nxc3+ 18. Qxc3 Nd5 19. Qf3 f6 20. Ne4
Bxe4 21. Rxe4 e5 22. Qxh5 Rh8 23. Qf5+ Qd7 24. Qxd7+ Rxd7 25. dxe5 Re8 26. Bxd5
cxd5 27. Ra4 Rxe5 28. Rxa7 b5 29. Rxd7 Kxd7 30. Kc1 Kc6 31. Kd2 Kb6 32. Re1 Rg5
33. g3 Rh5 34. h4 Kc6 35. Re7 g5 36. hxg5 fxg5 37. Re6+ Kd7 38. Rb6 Rh2 39. Ke2
Kc7 40. Rxb5 Kc6 41. Rb8 Kc5 42. Rg8 Rh5 43. g4 Kc4 44. gxh5 1-0

[Event "aut_ychb12 Deutschlandsberg"]
[Site "Deutschlandsberg, Laßnitzhaus"]
[Date "2006.??.??"]
[Round "4.9"]
[White "Cortolezis, Leander"]
[Black "Strantz, Joerg"]
[Result "1-0"]
[WhiteElo "1523"]
[BlackElo "1375"]
[PlyCount "69"]
[EventDate "2006.06.03"]

1. e4 e5 2. Nf3 Nc6 3. Bb5 Nf6 4. O-O Bc5 5. Re1 O-O 6. h3 d6 7. c3 Bd7 8. d4
exd4 9. cxd4 Bb4 10. Re2 Re8 11. a3 Ba5 12. Bg5 a6 13. Ba4 b5 14. Bc2 b4 15. e5
h6 16. Bh4 g5 17. Bg3 Nh5 18. Bh2 d5 19. Qd3 Re6 20. Nxg5 Rg6 21. Nf3 Bxh3 22.
g3 Nf4 23. Qe3 Nxe2+ 24. Qxe2 Rg7 25. Qe3 h5 26. Qh6 Bg4 27. Nh4 Qg5 28. Qxc6
Rf8 29. axb4 Bxb4 30. f4 Qd8 31. Rxa6 Bc8 32. Ra4 Bd7 33. Qh6 Bxa4 34. Nf5 Rg4
35. Ne7+ 1-0

[Event "aut_ychb12 Deutschlandsberg"]
[Site "Deutschlandsberg, Laßnitzhaus"]
[Date "2006.??.??"]
[Round "4.10"]
[White "Posch, Florian"]
[Black "Kainz, Jakob"]
[Result "1-0"]
[WhiteElo "1396"]
[BlackElo "1283"]
[PlyCount "79"]
[EventDate "2006.06.03"]

1. e4 e5 2. Nf3 Nc6 3. Bc4 Bc5 4. d3 h6 5. Nc3 Nf6 6. O-O d6 7. h3 Bd7 8. Be3
Qe7 9. Bxc5 dxc5 10. Nd5 Nxd5 11. Bxd5 O-O-O 12. c3 Qf6 13. Qb3 Rdg8 14. Bxf7
Rf8 15. Bd5 h5 16. Qa3 a6 17. Bxc6 Bxc6 18. Qxc5 Bd7 19. Qxe5 Bxh3 20. Qxf6
Rxf6 21. gxh3 Rxf3 22. d4 Rxh3 23. Kg2 Rd3 24. f4 h4 25. Rf3 h3+ 26. Kg3 Rd2
27. Rf2 Rd3+ 28. Kh2 Re3 29. e5 Kd7 30. Rg1 Rh7 31. Rg3 Rxg3 32. Kxg3 h2 33.
Rxh2 Rxh2 34. Kxh2 Ke6 35. Kg3 b5 36. Kg4 Kf7 37. Kg5 c6 38. b4 g6 39. e6+ Kxe6
40. Kxg6 1-0

[Event "aut_ychb14 Deutschlandsberg"]
[Site "Deutschlandsberg, Laßnitzhaus"]
[Date "2006.??.??"]
[Round "4.1"]
[White "Schreiner, Peter"]
[Black "Halvax, Georg"]
[Result "1-0"]
[WhiteElo "1878"]
[BlackElo "1883"]
[PlyCount "103"]
[EventDate "2006.06.03"]

1. e4 d6 2. d4 g6 3. Bd3 Bg7 4. Ne2 Nd7 5. Bg5 c5 6. c3 Qb6 7. Nd2 cxd4 8. Nc4
Qc5 9. Bd2 dxc3 10. Nxc3 Bd4 11. O-O Ngf6 12. b4 Qc6 13. Na5 Qb6 14. Rc1 Ne5
15. Na4 Qd8 16. Bb5+ Ned7 17. Bh6 e5 18. Nb3 a6 19. Nxd4 exd4 20. Bxd7+ Bxd7
21. Qxd4 Bxa4 22. Bg7 Rg8 23. Bxf6 Qd7 24. Qb6 Bc6 25. Rfe1 Qe6 26. Rxc6 Qxf6
27. Rxd6 Qc3 28. Red1 Kf8 29. R6d3 Qc4 30. Qf6 Re8 31. Rd8 Qc7 32. e5 Qe7 33.
g3 b5 34. R1d6 g5 35. Qh6+ Rg7 36. Rxe8+ Qxe8 37. Rxa6 Qxe5 38. Qd6+ Qxd6 39.
Rxd6 Rg6 40. Rxg6 hxg6 41. Kf1 Ke7 42. Ke2 Kd6 43. f3 f5 44. Ke3 Kd5 45. Kd3
Ke5 46. h3 Kd5 47. f4 gxf4 48. gxf4 Ke6 49. Kd4 Kf6 50. h4 Kg7 51. Kc5 Kh6 52.
Kxb5 1-0

[Event "aut_ychb14 Deutschlandsberg"]
[Site "Deutschlandsberg, Laßnitzhaus"]
[Date "2006.??.??"]
[Round "4.2"]
[White "Azad, Razik"]
[Black "Dimitriadis, Philipp"]
[Result "1-0"]
[WhiteElo "1846"]
[BlackElo "1646"]
[PlyCount "113"]
[EventDate "2006.06.03"]

1. e4 e5 2. Nf3 Nc6 3. Bb5 a6 4. Ba4 Nf6 5. O-O b5 6. Bb3 d6 7. Ng5 d5 8. exd5
Nd4 9. d6 Nxb3 10. dxc7 Qxc7 11. axb3 Bb7 12. d3 Bd6 13. Nc3 O-O 14. Nce4 Nxe4
15. Nxe4 Qc6 16. f3 Bc7 17. Be3 f5 18. Nc5 Bb6 19. b4 a5 20. Qe2 axb4 21. Nxb7
Qxb7 22. Kh1 Bxe3 23. Qxe3 Qc7 24. Qe2 Rfc8 25. Rxa8 Rxa8 26. d4 exd4 27. Qxb5
Rb8 28. Qxf5 Qc4 29. Kg1 Ra8 30. Re1 Qc6 31. Re7 Rf8 32. Qe6+ Qxe6 33. Rxe6 Ra8
34. Re4 Ra2 35. b3 Ra1+ 36. Kf2 Rd1 37. Ke2 Rg1 38. Kd3 Rxg2 39. h4 Rf2 40.
Rxd4 Rxf3+ 41. Kd2 Rf2+ 42. Kc1 Rf1+ 43. Kb2 Kf7 44. Rxb4 Kg6 45. Rg4+ Kh6 46.
b4 g6 47. b5 Kh5 48. Rd4 Rf5 49. c4 g5 50. hxg5 Kxg5 51. b6 Rf8 52. Kc3 h5 53.
Kb4 h4 54. c5 h3 55. Rd3 Kg4 56. Rxh3 Kxh3 57. c6 1-0

[Event "aut_ychb14 Deutschlandsberg"]
[Site "Deutschlandsberg, Laßnitzhaus"]
[Date "2006.??.??"]
[Round "4.3"]
[White "Lumetzberger, Dominik"]
[Black "Hartl, Daniel"]
[Result "0-1"]
[WhiteElo "1673"]
[BlackElo "1865"]
[PlyCount "100"]
[EventDate "2006.06.03"]

1. e4 d5 2. exd5 Nf6 3. d4 Bg4 4. Nf3 Qxd5 5. Be2 Nc6 6. O-O O-O-O 7. c4 Qd7 8.
d5 Bxf3 9. Bxf3 Ne5 10. Be3 Kb8 11. Be2 Neg4 12. Bf4 Qf5 13. Be3 e6 14. Qb3 Qe5
15. g3 Nxe3 16. fxe3 Bc5 17. Rf3 exd5 18. cxd5 Nxd5 19. Na3 Nxe3 20. Kh1 Bxa3
21. Rxe3 Qxb2 22. Rb1 Qxb3 23. Rexb3 b6 24. Rxa3 Rhe8 25. Bc4 f6 26. Rd3 Rxd3
27. Bxd3 h6 28. Kg2 Re3 29. Bc4 c6 30. Rd1 Kc7 31. Kf2 Re5 32. Rd3 b5 33. Bf7
c5 34. Re3 Kd6 35. h4 g5 36. hxg5 hxg5 37. Rxe5 Kxe5 38. Ke3 f5 39. Be8 f4+ 40.
gxf4+ gxf4+ 41. Kf3 b4 42. Bb5 a5 43. Ba4 c4 44. Bd1 Kd4 45. Kxf4 Kc3 46. Ke4
b3 47. axb3 cxb3 48. Bxb3 Kxb3 49. Kd3 a4 50. Kd2 Kb2 0-1

[Event "aut_ychb14 Deutschlandsberg"]
[Site "Deutschlandsberg, Laßnitzhaus"]
[Date "2006.??.??"]
[Round "4.4"]
[White "Kozomara, David"]
[Black "Hofer, Christian"]
[Result "1-0"]
[WhiteElo "1715"]
[BlackElo "1695"]
[PlyCount "131"]
[EventDate "2006.06.03"]

1. e4 c5 2. Nf3 d6 3. d4 cxd4 4. Nxd4 Nf6 5. Nc3 g6 6. f3 Bg7 7. Be3 Bd7 8. Qd2
Nc6 9. Be2 O-O 10. g4 Rc8 11. h4 e6 12. h5 a6 13. Nb3 Qc7 14. hxg6 fxg6 15.
O-O-O Ne8 16. Bh6 Rf7 17. Bxg7 Rxg7 18. f4 b5 19. Bd3 Ne7 20. Rhf1 Rf7 21. Rf2
Nf6 22. g5 Ne8 23. Rdf1 Ng7 24. Ne2 Rcf8 25. Qe3 e5 26. Nc3 exf4 27. Rxf4 Rxf4
28. Rxf4 Rxf4 29. Qxf4 Nh5 30. Qf2 Bc6 31. Nd2 d5 32. exd5 Nxd5 33. Nxd5 Bxd5
34. a4 Nf4 35. Qe3 Nxd3+ 36. Qxd3 Qe5 37. c3 bxa4 38. Qxa6 Qe1+ 39. Kc2 Be4+
40. Nxe4 Qxe4+ 41. Qd3 Qg2+ 42. Qd2 Qe4+ 43. Kc1 Qh1+ 44. Qd1 Qh4 45. Qd8+ Kg7
46. Qd7+ Kg8 47. Qd5+ Kf8 48. c4 Qf4+ 49. Kc2 Qf5+ 50. Kc3 Qh3+ 51. Qd3 Qf5 52.
Qxf5+ gxf5 53. Kd4 Ke7 54. Ke5 f4 55. Kxf4 Kd6 56. Ke4 Kc5 57. Kd3 Kb4 58. Kd4
Kb3 59. c5 Kxb2 60. c6 a3 61. c7 a2 62. c8=Q Kb1 63. Qb7+ Kc1 64. Qc6+ Kb1 65.
Qb5+ Kc1 66. Qc4+ 1-0

[Event "aut_ychb14 Deutschlandsberg"]
[Site "Deutschlandsberg, Laßnitzhaus"]
[Date "2006.??.??"]
[Round "4.5"]
[White "Binder, Michael"]
[Black "Mrakotsky, Mario"]
[Result "1-0"]
[WhiteElo "1818"]
[BlackElo "1485"]
[PlyCount "51"]
[EventDate "2006.06.03"]

1. e4 c5 2. Nf3 Nc6 3. d4 cxd4 4. Nxd4 e5 5. Nb5 d6 6. Bg5 Nf6 7. N1c3 a6 8.
Na3 Be7 9. Bxf6 Bxf6 10. Nd5 O-O 11. c3 b5 12. Nc2 Bb7 13. Bd3 Re8 14. Nce3 Re6
15. O-O Ne7 16. a4 Bc6 17. axb5 Nxd5 18. exd5 Bxd5 19. Nxd5 Bg5 20. Rxa6 Rh6
21. Be4 Rxa6 22. bxa6 Qd7 23. Qb3 g6 24. Qb8+ Kg7 25. a7 Bf4 26. Nxf4 1-0

[Event "aut_ychb14 Deutschlandsberg"]
[Site "Deutschlandsberg, Laßnitzhaus"]
[Date "2006.??.??"]
[Round "4.6"]
[White "Schnegg, Daniel"]
[Black "Widhalm, Florian"]
[Result "0-1"]
[WhiteElo "1816"]
[BlackElo "1787"]
[PlyCount "54"]
[EventDate "2006.06.03"]

1. f4 c5 2. b3 e6 3. Nf3 Nf6 4. Bb2 Be7 5. e3 Nc6 6. Bb5 Qc7 7. O-O d6 8. d4 b6
9. c4 d5 10. dxc5 Bxc5 11. Bd4 O-O 12. Bxc5 bxc5 13. Nc3 Ne7 14. Rc1 Nf5 15.
Qd2 a6 16. Ba4 dxc4 17. e4 Rd8 18. Qe2 Nd4 19. Qxc4 Nxf3+ 20. Rxf3 Bb7 21. b4
Rd4 22. Qxc5 Qxc5 23. bxc5 Rc8 24. Rb1 Bxe4 25. Nxe4 Nxe4 26. Rfb3 Rxa4 27. Rb8
Rf8 0-1

[Event "aut_ychb14 Deutschlandsberg"]
[Site "Deutschlandsberg, Laßnitzhaus"]
[Date "2006.??.??"]
[Round "4.7"]
[White "Peschek, Marcel"]
[Black "Wertjanz, Daniel"]
[Result "1/2-1/2"]
[WhiteElo "1549"]
[BlackElo "1625"]
[PlyCount "104"]
[EventDate "2006.06.03"]

1. e4 c5 2. Nf3 d6 3. d4 cxd4 4. Nxd4 Nf6 5. Nc3 a6 6. Be3 e5 7. Nf3 h6 8. h3
Be6 9. Bd3 Be7 10. Qd2 Nbd7 11. O-O b5 12. a3 O-O 13. Qe2 Qc8 14. Rfd1 Nc5 15.
Rac1 Nfd7 16. Qd2 Rd8 17. b4 Nxd3 18. cxd3 Qb7 19. Rc2 Bb3 20. Rdc1 Bxc2 21.
Rxc2 Nf6 22. Ne2 Rac8 23. Rb2 Kf8 24. Ng3 Rc6 25. Nf5 Ng8 26. Kh2 Rdc8 27. Nxe7
Qxe7 28. Qe2 Qc7 29. Ne1 Rc3 30. Ra2 Nf6 31. Bd2 Rc6 32. Be3 d5 33. Bc5+ Ke8
34. exd5 Nxd5 35. Qg4 Rg6 36. Qf5 Nf6 37. Re2 Nd7 38. d4 Nxc5 39. dxc5 Kf8 40.
Kg1 Re8 41. Nf3 Kg8 42. Nd2 Qc6 43. f3 Qc8 44. Qc2 Qd8 45. Ne4 Qd4+ 46. Kh2 Qc4
47. Qxc4 bxc4 48. Rc2 Rc6 49. Rxc4 f5 50. Nd6 Rf8 51. Kg1 Rf6 52. Nb7 Rc7
1/2-1/2